00783nam a22002177a 450000500170000001000150001702000260003203500130005803700130007108200110008424500590009526000330015427001040018730000200029149000190031150000500033070000190038094200250039999900170042495201240044120150609150630.0 aENG-113049 a9789385160301c695.00 aEN-96581 bDBAB/PUB a954.04 aHandbook of world history /cedited by Sunjoy K. Singh aNew DelhibLenin Mediac2015 a204-205, IInd Floor, Durga Complex Centre Shoping Complex Mayur Vihar, Phase-II,bNew Delhie110091 a304p.c22cm(Hb) aGold series 06 aIncludes bibliographical references and index aSunjoy K.Singh 2ddccENkHANh954.04 c93602d93602 001040718NFICaDBADbDBADd2015-05-14eDBAD/PUBg695.00l0o954.04 HANpEN-96581r2015-05-14 00:00:00t1v695.00yEN